Bibliotecas / (Record no. 184938)

MARC details
000 -LEADER
campo de control de longitud fija 00554nam a2200193 i 4500
001 - NÚMERO DE CONTROL
campo de control 184938
003 - IDENTIFICADOR DE NÚMERO DE CONTROL
campo de control ES-MaACL
005 - FECHA Y HORA DE LA ÚLTIMA TRANSACCIÓN
campo de control 20250729015734.0
008 - DATOS DE LONGITUD FIJA--INFORMACIÓN GENERAL
campo de control de longitud fija 160222s1948 sp |||| | spa d
100 1# - ENTRADA PRINCIPAL--NOMBRE DE PERSONA
Nombre de persona Martín, Enriqueta.
9 (RLIN) 158833
245 10 - MENCIÓN DEL TÍTULO
Título Bibliotecas /
Mención de responsabilidad, etc. E. Martin.
260 ## - PUBLICACIÓN, DISTRIBUCIÓN, ETC.
Lugar de publicación, distribución, etc. Madrid :
Nombre del editor, distribuidor, etc. S.A.P.Y.L.,
Fecha de publicación, distribución, etc. 1948.
300 ## - DESCRIPCIÓN FÍSICA
Extensión VII, 250 p. ;
Dimensiones 25 cm.
490 1# - MENCIÓN DE SERIE
Mención de serie Publicaciones de Libros
650 07 - PUNTO DE ACCESO ADICIONAL DE MATERIA--TÉRMINO DE MATERIA
Término de materia o nombre geográfico como elemento de entrada Biblioteconomía
Fuente del encabezamiento o término embne
9 (RLIN) 10554
830 0# - PUNTO DE ACCESO ADICIONAL DE SERIE-TÍTULO UNIFORME
Título uniforme Publicaciones de Libros
9 (RLIN) 219128
852 ## - LOCALIZACIÓN
Ubicación ES-MaACL
Número de control de estantería C-5278
Holdings
Estatus retirado Estado de pérdida Fuente del sistema de clasificación o colocación Estado de daño No para préstamo Colección Biblioteca de origen Biblioteca actual Ubicación en estantería Fecha de adquisición Total de préstamos Signatura topográfica completa Código de barras Visto por última vez Precio de reemplazo Tipo de ítem Koha
    Clasificación decimal universal     Biblioteca profesional Biblioteca del Ateneo de Madrid Biblioteca del Ateneo de Madrid Sala Palomar 22/02/2016   C-5278 1194783 23/02/2023 23/02/2023 Libro impreso